000 00440nam a2200145Ia 4500
008 240729s9999 xx 000 0 und d
022 _a1896-494X
245 0 _aInternational Journal of Occupational Medicine and Environmental Health
260 _aPoland
260 _bNofer Institute of Occupational Medicine
650 _aMedicine
856 _uhttps://doaj.org/toc/cb1a096171f94b668dec14efcace222d
942 _2ddc
942 _cDOAJEJ
999 _c70999
_d70999
945 _a1
_bMadushi Gamage
_c1
_dMadushi Gamage